banner-ar

الجغرافيا الاقليمية المصورة حوض النيل : لطلبة الثقافة العامة / (Record no. 45885)

MARC details
000 -الفاتح
حقل البيانات ثابتة الطول 00550nam a2200169Ia 4500
008 - عناصر البيانات ثابتة الطول - معلومات عامة
حقل البيانات ثابتة الطول 140319s9999 xx 000 0 ara d
040 ## - مصدر الفهرسة
وكالة الفهرسة الأصلية GCL /
وكالة النسخ GCL
082 04 - رقم تصنيف ديوى العشرى
رقم التصنيف ق
رقم المادة 910.0962
-- م ج
100 1# - المدخل الرئيسى - إسم شخصى
الإسم الشخصى محمد السعيد النعناعى
245 10 - بيان العنوان
العنوان الجغرافيا الاقليمية المصورة حوض النيل : لطلبة الثقافة العامة /
بيان المسئوليه,etc محمد السعيد النعناعى
300 ## - الوصف المادى
التعداد 251
490 ## - بيان السلسلة
عنوان السلسلة 100 قصة
رقم المجلد/ التعيين التسلسلي 0
650 04 - المدخل الاضافى بالموضوع-مصطلح موضوعى
مصطلح موضوعي الجغرافيا
650 04 - المدخل الاضافى بالموضوع-مصطلح موضوعى
مصطلح موضوعي النيل
942 ## - عناصر المدخل الإضافي( كوها)
مصدر التصنيف او مخطط الترفيف Dewey Decimal Classification
Koha [default] item type كتاب
Holdings
حالة التراجع حالة الفقد حالة تلف ليس للاعارة المكان المؤقت الموقع الحالى تاريخ الاكتساب اجمالي اﻻعارات رقم الطلب الباركود تاريخ اخر مشاهدة تاريخ تفعيل السعر نوع وعاء كوها
        مكتبة القاهرة الكبرى مكتبة القاهرة الكبرى 03/26/2014   ق\910.0962\م ج 111834 03/26/2014 03/26/2014 كتاب

Powered By

EGPV